000
00261nam a2200097Ia 4500
001
759911
005
20250826165138.0
008
250824s9999 xx 000 0 und d
245
0
_a
SİZ DİYETTESİNİZ
_c
MEHMET C.ÖZ MICHAEL F.ROIZEN
260
_b
KORİDOR YAYINLARI
999
_c
759911
_d
759911